El péndulo de Foucault /
La Tierra completa un giro entero en 24 horas, lo que equivale a un movimiento de 0.0007 revoluciones por minuto. Por eso, no alcanzamos a advertir su rotación a través de nuestra simple experiencia. ¿Un péndulo ayudaría?
Guardado en:
| Autor Corporativo: | |
|---|---|
| Formato: | |
| Publicado: |
Argentina,
2013.
|
| Series: | Ciencia En Todas Partes, Física
|
| Materias: | |
| Acceso en línea: | https://www.educ.ar/recursos/122120/el-pendulo-de-foucault |
| Etiquetas: |
Agregar Etiqueta
Sin Etiquetas, Sea el primero en etiquetar este registro!
|
| LEADER | 01123ngm a22003135g 4500 | ||
|---|---|---|---|
| 001 | CEM.cems024105 | ||
| 008 | 130507s2013##################0###0#####d | ||
| 005 | 20250819164952.0 | ||
| 245 | 0 | 0 | |a El péndulo de Foucault / |c Canal Encuentro. |
| 260 | |a Argentina, |c 2013. | ||
| 300 | |a 5'. | ||
| 490 | 0 | |a Ciencia En Todas Partes, Física | |
| 520 | |a La Tierra completa un giro entero en 24 horas, lo que equivale a un movimiento de 0.0007 revoluciones por minuto. Por eso, no alcanzamos a advertir su rotación a través de nuestra simple experiencia. ¿Un péndulo ayudaría? | ||
| 500 | |a Consultar en ventanilla. | ||
| 538 | |a Soporte: DVD - Grabación DRD | ||
| 110 | 2 | |a Canal Encuentro. | |
| 082 | 5 | 3 | |/ ENC |
| 653 | |a FÍSICA | ||
| 653 | |a CIENCIA | ||
| 653 | |a FOUCAULT | ||
| 653 | |a PÉNDULO | ||
| 653 | |a ROTACIÓN DE LA TIERRA | ||
| 653 | |a PRECESIÓN | ||
| 653 | |a OSCILACIÓN | ||
| 653 | |a CORIOLIS | ||
| 653 | |a SERIE DE TELEVISIÓN | ||
| 653 | |a CORTO | ||
| 856 | |u https://www.educ.ar/recursos/122120/el-pendulo-de-foucault | ||
| 859 | |a CEMS |b BIB. CEMS - Depto. Recursos Didacticos |h 530 |i ENC |k DRD |p 2748.19 |t Ej.1 | ||
